[Event "SF Katernberg 2 - Elberfelder SG 1"]
[Site "NRW-Klasse, Gruppe 1 2013/201"]
[Date "2014.02.02"]
[Round "6.4"]
[White "Rosen, Willy"]
[Black "Noetzel, Frank"]
[Result "0-1"]
[WhiteElo "2183"]
[BlackElo "2122"]
[PlyCount "108"]
[EventDate "2014.??.??"]
[WhiteTeam "SF Katernberg 2"]
[BlackTeam "Elberfelder SG 1"]

1. e4 e5 2. Nf3 Nc6 3. Be2 Nf6 4. d3 d5 5. Nbd2 a5 6. O-O dxe4 7. dxe4 Bc5 8.
c3 O-O 9. Qc2 Qe7 10. Nc4 h6 11. Ne3 Bxe3 12. Bxe3 Bg4 13. h3 Bh5 14. g4 Bg6
15. Nd2 Nd5 16. Rfd1 Nxe3 17. fxe3 Qc5 18. Nf1 Rfd8 19. Bf3 b6 20. Qe2 f6 21.
Rd5 Rxd5 22. exd5 e4 23. dxc6 exf3 24. Qxf3 Re8 25. Rd1 Be4 26. Qf4 Qxc6 27.
Rd2 Qc5 28. Rd7 Re5 29. Kf2 Bc6 30. Rd8+ Kh7 31. Qd4 Qe7 32. Qd3+ f5 33. Ng3
Be4 34. Nxe4 fxe4 35. Qd4 Qf7+ 36. Ke1 Re7 37. Qd5 Qxd5 38. Rxd5 Rf7 39. Re5
Rf3 40. Rxe4 Rxh3 41. Kd1 Rh2 42. Kc1 Rg2 43. a4 Kg6 44. b4 Kg5 45. Re7 g6 46.
Rxc7 axb4 47. cxb4 Rxg4 48. b5 Rxa4 49. Rc6 h5 50. Rxb6 h4 51. Ra6 Rb4 52. Kd2
h3 53. Ra1 Rxb5 54. Rg1+ Kh4 0-1

[Event "SF Katernberg 2 - Elberfelder SG 1"]
[Site "NRW-Klasse, Gruppe 1 2013/201"]
[Date "2014.02.02"]
[Round "6.5"]
[White "Maj, Kornel"]
[Black "Wessendorf, Thomas"]
[Result "0-1"]
[WhiteElo "1891"]
[BlackElo "2181"]
[PlyCount "106"]
[EventDate "2014.??.??"]
[WhiteTeam "Elberfelder SG 1"]
[BlackTeam "SF Katernberg 2"]

1. e4 c5 2. Nc3 d6 3. f4 Nf6 4. Nf3 Nc6 5. Bc4 e6 6. Qe2 Be7 7. d3 O-O 8. O-O
d5 9. Bb3 d4 10. Nd1 a6 11. c3 b5 12. Nf2 Bb7 13. g4 Rc8 14. f5 exf5 15. gxf5
Nd7 16. Bf4 Bf6 17. Ng4 dxc3 18. e5 Re8 19. e6 c4 20. Qg2 fxe6 21. Nh6+ Kf8 22.
Bd6+ Ne7 23. Ng5 Qb6+ 24. Rf2 gxh6 25. Nxh7+ Kf7 26. fxe6+ Kxe6 27. Qg3 Rg8 28.
Re1+ Ne5 29. Bxe5 Rxg3+ 30. Bxg3+ Kf7 31. Nxf6 Nf5 32. dxc4 Kxf6 33. Bc2 Rc5
34. b4 Qc6 35. Be4 Qxe4 36. Rxe4 Bxe4 37. bxc5 b4 38. Bf4 a5 39. Kf1 a4 40. Ke1
b3 41. axb3 axb3 42. Bc1 Ke5 43. c6 Bxc6 44. Bb2 cxb2 45. Rxb2 Nd4 46. Kd2 Be4
47. Kc3 Bc2 48. Kb4 Kd6 49. c5+ Kd5 50. h3 h5 51. h4 Nc6+ 52. Kb5 Ne5 53. Kb6
Nc4+ 0-1

[Event "SF Katernberg 2 - Elberfelder SG 1"]
[Site "NRW-Klasse, Gruppe 1 2013/201"]
[Date "2014.02.02"]
[Round "6.6"]
[White "Gassmann, Volker"]
[Black "Wicht, Juergen"]
[Result "1-0"]
[WhiteElo "2146"]
[BlackElo "2086"]
[PlyCount "57"]
[EventDate "2014.??.??"]
[WhiteTeam "SF Katernberg 2"]
[BlackTeam "Elberfelder SG 1"]

1. d4 Nf6 2. c4 g6 3. f3 c5 4. d5 d6 5. e4 Bg7 6. Ne2 O-O 7. Nec3 Na6 8. Be2
Nc7 9. O-O b5 10. cxb5 a6 11. Na3 axb5 12. Naxb5 Nxb5 13. Bxb5 Qb6 14. Be3 Ba6
15. a4 Bxb5 16. Nxb5 Nd7 17. Qe2 Rfb8 18. Ra2 Qa6 19. Rfa1 Rc8 20. Kf1 Rab8 21.
Rc1 Nb6 22. b3 Na8 23. Rac2 Nc7 24. b4 Qxa4 25. Nxc7 Rxc7 26. bxc5 Qb5 27. Qxb5
Rxb5 28. cxd6 Rxc2 29. Rxc2 1-0

[Event "SF Katernberg 2 - Elberfelder SG 1"]
[Site "NRW-Klasse, Gruppe 1 2013/201"]
[Date "2014.02.02"]
[Round "6.7"]
[White "Fuchs, Thomas"]
[Black "Krueger, Erich"]
[Result "1/2-1/2"]
[WhiteElo "1937"]
[BlackElo "2027"]
[PlyCount "82"]
[EventDate "2014.??.??"]
[WhiteTeam "Elberfelder SG 1"]
[BlackTeam "SF Katernberg 2"]

1. e4 c6 2. d4 d5 3. exd5 cxd5 4. c4 Nf6 5. Nc3 Nc6 6. Nf3 Be6 7. c5 g6 8. Bb5
Bg7 9. Ne5 Bd7 10. Bxc6 Bxc6 11. O-O O-O 12. Rb1 Ne4 13. Bf4 Nxc3 14. bxc3 f6
15. Nxc6 bxc6 16. Qa4 e5 17. Bg3 Qd7 18. Rb4 Rab8 19. Rfb1 Rxb4 20. Rxb4 Re8
21. f3 exd4 22. cxd4 Bh6 23. h3 Bd2 24. Rb2 Be3+ 25. Kh2 f5 26. Bd6 f4 27. Rb4
Bf2 28. Bxf4 Qf5 29. Bd6 Be3 30. Qd1 Bf4+ 31. Bxf4 Qxf4+ 32. g3 Qe3 33. Rb2 Qc3
34. Rc2 Re1 35. Qd2 Qa1 36. Qf2 Rf1 37. Qg2 Qd1 38. f4 Re1 39. Qf2 Rf1 40. Qg2
Re1 41. Qf2 Rf1 1/2-1/2

[Event "SF Katernberg 2 - Elberfelder SG 1"]
[Site "NRW-Klasse, Gruppe 1 2013/201"]
[Date "2014.02.02"]
[Round "6.8"]
[White "Stratmann, Holger"]
[Black "Podder, Michael"]
[Result "1-0"]
[WhiteElo "1903"]
[BlackElo "1881"]
[PlyCount "139"]
[EventDate "2014.??.??"]
[WhiteTeam "SF Katernberg 2"]
[BlackTeam "Elberfelder SG 1"]

1. e4 d6 2. d4 g6 3. Nc3 Bg7 4. Be3 Nd7 5. Bc4 e5 6. Nge2 Ngf6 7. f3 exd4 8.
Bxd4 O-O 9. Qd2 Ne5 10. Bb3 Qe7 11. Be3 Be6 12. O-O-O Nc4 13. Bxc4 Bxc4 14. Nf4
b5 15. Ncd5 Bxd5 16. Nxd5 Nxd5 17. Qxd5 Qe5 18. Qxe5 Bxe5 19. Bd4 Rfe8 20. g3
Re7 21. Rd3 Bxd4 22. Rxd4 Rae8 23. Rhd1 Re5 24. Rd5 Kf8 25. R1d4 Rxd5 26. Rxd5
Re5 27. Rxe5 dxe5 28. c4 c6 29. cxb5 cxb5 30. Kc2 Ke7 31. Kc3 Kd6 32. Kb4 Kc6
33. Ka5 Kc5 34. b4+ Kc4 35. a3 f5 36. Ka6 fxe4 37. fxe4 g5 38. Kxa7 Kd4 39. Kb6
Kxe4 40. Kxb5 Kd4 41. a4 e4 42. a5 e3 43. a6 e2 44. a7 e1=Q 45. a8=Q Qe2+ 46.
Kb6 Qe7 47. Qa5 Qd6+ 48. Kb7 Qe7+ 49. Ka6 Kc4 50. Qb5+ Kb3 51. Qc5 Qf6+ 52. Kb5
Qf1+ 53. Kc6 Qf6+ 54. Qd6 Qc3+ 55. Kd7 Qg7+ 56. Qe7 Qd4+ 57. Ke6 Qe4+ 58. Kf6
Qg6+ 59. Ke5 Ka4 60. Qd7+ Ka3 61. b5 Ka4 62. b6+ Ka5 63. b7 Qb6 64. Qd2+ Ka6
65. Qd6 Qxd6+ 66. Kxd6 Kxb7 67. Ke6 g4 68. Kf5 Kc7 69. Kxg4 Kd7 70. Kh5 1-0

[Event "SG Bochum 2 - Bielefelder SK 1"]
[Site "NRW-Klasse, Gruppe 1 2013/201"]
[Date "2014.02.02"]
[Round "6.1"]
[White "Forchert, Martin"]
[Black "Dahm, Jochen"]
[Result "0-1"]
[WhiteElo "2267"]
[BlackElo "2248"]
[PlyCount "114"]
[EventDate "2014.??.??"]
[WhiteTeam "Bielefelder SK 1"]
[BlackTeam "SG Bochum 2"]

1. e4 c5 2. Nf3 d6 3. d4 cxd4 4. Nxd4 Nf6 5. f3 a6 6. c4 e6 7. Nc3 Be7 8. Be3
Qc7 9. Be2 Nbd7 10. O-O b6 11. Qd2 Bb7 12. Rfc1 O-O 13. a4 Rac8 14. a5 bxa5 15.
Nb3 Qb8 16. Nxa5 Ba8 17. b4 d5 18. cxd5 exd5 19. Bxa6 Rcd8 20. Nxd5 Nxd5 21.
exd5 Bxb4 22. Qf2 Bxd5 23. Nc6 Bxc6 24. Rxc6 Bd6 25. g3 Ne5 26. Rcc1 Rfe8 27.
Rcb1 Bb4 28. Rd1 Qa8 29. Be2 Rxd1+ 30. Rxd1 Qa4 31. Kg2 Nc4 32. Bf4 Qc2 33. Kf1
Bc5 34. Qe1 Qf5 35. Kg2 g5 36. Bc1 Qc2 37. Kf1 g4 38. Rd3 Rxe2 39. Qxe2 Qxc1+
40. Qe1 Ne3+ 41. Rxe3 Qxe3 42. Qxe3 Bxe3 43. fxg4 Kg7 44. Ke2 Bg1 45. h4 h6 46.
Kf3 Kf6 47. Kf4 Bc5 48. Ke4 Bd6 49. Kf3 Kg6 50. Kf2 f6 51. Kf3 Kf7 52. Kf2 Ke6
53. Kf3 Ke5 54. Ke3 Bc5+ 55. Kf3 Bb6 56. g5 fxg5 57. Kg4 Be3 0-1

[Event "SG Bochum 2 - Bielefelder SK 1"]
[Site "NRW-Klasse, Gruppe 1 2013/201"]
[Date "2014.02.02"]
[Round "6.2"]
[White "Tkachuk, Konstantyn"]
[Black "Simon, Hans Christian"]
[Result "1/2-1/2"]
[WhiteElo "2195"]
[BlackElo "2143"]
[PlyCount "58"]
[EventDate "2014.??.??"]
[WhiteTeam "SG Bochum 2"]
[BlackTeam "Bielefelder SK 1"]

1. e4 e5 2. Nf3 Nf6 3. Nxe5 d6 4. Nf3 Nxe4 5. d3 Nf6 6. d4 Be7 7. Bd3 Bg4 8.
O-O O-O 9. Nbd2 Qd7 10. Re1 Re8 11. Nf1 Bf5 12. Ng3 Bxd3 13. Qxd3 Nc6 14. a3
Bf8 15. Bg5 Nd5 16. c4 Nb6 17. b3 Rxe1+ 18. Rxe1 Re8 19. Bd2 Rxe1+ 20. Bxe1 d5
21. c5 Nc8 22. Bd2 g6 23. b4 a6 24. a4 Bg7 25. Ne2 N8e7 26. b5 axb5 27. axb5
Nd8 28. Nc3 Ne6 29. h3 Nf5 1/2-1/2

[Event "SG Bochum 2 - Bielefelder SK 1"]
[Site "NRW-Klasse, Gruppe 1 2013/201"]
[Date "2014.02.02"]
[Round "6.4"]
[White "Kitte, Sebastian"]
[Black "Gruen, Gerd-Peter"]
[Result "0-1"]
[WhiteElo "2248"]
[BlackElo "2268"]
[PlyCount "74"]
[EventDate "2014.??.??"]
[WhiteTeam "SG Bochum 2"]
[BlackTeam "Bielefelder SK 1"]

1. d4 Nf6 2. c4 e6 3. Nc3 Bb4 4. e3 c5 5. Bd3 Bxc3+ 6. bxc3 d6 7. Ne2 e5 8. e4
Nc6 9. O-O h6 10. f4 Bg4 11. h3 Bxe2 12. Qxe2 cxd4 13. Bb2 dxc3 14. Bxc3 O-O
15. c5 dxc5 16. fxe5 Nd4 17. Qe3 Nd7 18. Bc4 Nxe5 19. Bd5 Qe7 20. Bxd4 cxd4 21.
Qxd4 Nc6 22. Qc4 Rac8 23. Rac1 Ne5 24. Qxc8 Rxc8 25. Rxc8+ Kh7 26. Kh1 b5 27.
Rb8 a6 28. Rb7 Qb4 29. Rc1 h5 30. Rf1 h4 31. Rb6 a5 32. Rf5 f6 33. Kh2 Qe1 34.
Rxb5 Nd3 35. Bf7 g6 36. Rxf6 Nf4 37. Rb7 Qg3+ 0-1

[Event "SG Bochum 2 - Bielefelder SK 1"]
[Site "NRW-Klasse, Gruppe 1 2013/201"]
[Date "2014.02.02"]
[Round "6.6"]
[White "Tkachuk, Sergij"]
[Black "Gruettemeier, Uwe"]
[Result "1/2-1/2"]
[WhiteElo "2176"]
[BlackElo "2060"]
[PlyCount "91"]
[EventDate "2014.??.??"]
[WhiteTeam "SG Bochum 2"]
[BlackTeam "Bielefelder SK 1"]

1. e4 c6 2. d4 d5 3. e5 c5 4. dxc5 Nc6 5. f4 Nh6 6. c3 e6 7. Be3 Be7 8. Nf3 O-O
9. Bd3 f6 10. exf6 Bxf6 11. Qc2 g6 12. Nbd2 Ng4 13. Bg1 e5 14. fxe5 Ngxe5 15.
O-O-O Nxd3+ 16. Qxd3 Bf5 17. Qb5 Qc7 18. Be3 Rfe8 19. Rhe1 Qg7 20. Bd4 Red8 21.
Bxf6 Qxf6 22. Nf1 Be4 23. Ng3 Bxf3 24. gxf3 Qxf3 25. Qxb7 d4 26. Re7 Qf4+ 27.
Kb1 Nxe7 28. Qxe7 Re8 29. Qd6 Qxd6 30. cxd6 dxc3 31. bxc3 Rad8 32. c4 Re5 33.
Rd4 Kf7 34. Ne4 Ke6 35. c5 Kd7 36. Kc2 Kc6 37. Kd3 Rxc5 38. Nxc5 Kxc5 39. d7
Kc6 40. Rc4+ Kxd7 41. Ke4 Re8+ 42. Kf4 Re2 43. Ra4 Rxh2 44. Rxa7+ Kc6 45. Kg5
Kb6 46. Re7 1/2-1/2

[Event "SG Bochum 2 - Bielefelder SK 1"]
[Site "NRW-Klasse, Gruppe 1 2013/201"]
[Date "2014.02.02"]
[Round "6.7"]
[White "Ebert, Karsten"]
[Black "Werthebach, Felix"]
[Result "1/2-1/2"]
[WhiteElo "1874"]
[BlackElo "2134"]
[Annotator "Doe,John"]
[PlyCount "158"]
[EventDate "2014.??.??"]
[WhiteTeam "Bielefelder SK 1"]
[BlackTeam "SG Bochum 2"]

1. e4 c5 2. Nf3 e6 3. c3 Nf6 4. e5 Nd5 5. d4 cxd4 6. cxd4 d6 7. Nc3 Nxc3 8.
bxc3 Qc7 9. Qb3 Nd7 10. exd6 Bxd6 11. Bd3 O-O 12. O-O b6 13. Re1 Bb7 14. Be4
Rac8 15. Bxb7 Qxb7 16. Ba3 Bxa3 17. Qxa3 b5 18. Rab1 a6 19. Qb3 Qc6 20. Re3
Rfd8 21. Rbe1 h6 22. Rc1 Nb6 23. Ne5 Qd5 24. Qa3 Nc4 25. Nxc4 Qxc4 26. Rd1 $11
b4 27. Qxb4 Qxb4 28. cxb4 Rxd4 29. Rde1 Rxb4 30. Ra3 Rc6 31. g3 Rb2 32. Rf1 g5
33. Ra4 Kg7 34. a3 Ra2 35. h3 Kg6 36. Kg2 h5 37. Re1 Rcc2 38. Rf1 Rc6 39. Re1
Rcc2 40. Rf1 Rc3 41. Rxa6 Raxa3 42. Rxa3 Rxa3 43. Rb1 Ra4 44. Rb2 h4 45. gxh4
Rxh4 46. Rb8 Ra4 47. Rg8+ Kf5 48. Rg7 f6 49. Rg8 e5 50. Rb8 Rh4 51. Rb3 e4 52.
f3 exf3+ 53. Rxf3+ Rf4 54. Ra3 Rb4 55. Kf3 Rb6 56. Kg3 Rb1 57. Rc3 Kg6 58. Ra3
f5 59. Ra6+ Kh5 60. Ra8 f4+ 61. Kf3 Rb3+ 62. Kg2 Rg3+ 63. Kh2 Re3 64. Rh8+ Kg6
65. Rf8 Re2+ 66. Kg1 Rb2 67. Kh1 Kg7 68. Rf5 Kh6 69. Rf8 Kh5 70. Rh8+ Kg6 71.
Rf8 Rb6 72. Kg2 Rf6 73. Ra8 Rd6 74. Rf8 Rd2+ 75. Kg1 Rd3 76. Kg2 Rg3+ 77. Kh2
g4 78. Rg8+ Kf5 79. Rxg4 Rxg4 1/2-1/2

[Event "SK Königsspringer Iserlohn 1 - Südlohne"]
[Site "NRW-Klasse, Gruppe 1 2013/201"]
[Date "2014.02.02"]
[Round "6.1"]
[White "Funke, Reinhard"]
[Black "Scheider, Julian"]
[Result "1-0"]
[WhiteElo "2126"]
[BlackElo "2262"]
[PlyCount "89"]
[EventDate "2014.??.??"]
[WhiteTeam "Südlohner SV 1"]
[BlackTeam "SK Königsspringer Iserlohn 1"]

1. d4 Nf6 2. Nf3 c5 3. e3 g6 4. Bd3 Bg7 5. O-O O-O 6. dxc5 Qc7 7. a3 Qxc5 8. b4
Qc7 9. Bb2 d6 10. Nbd2 b6 11. Qe2 Bb7 12. c4 Nc6 13. Rac1 Rfd8 14. Rfd1 Rac8
15. Nb3 Qb8 16. b5 Ne5 17. Nxe5 dxe5 18. e4 Nd7 19. a4 Nc5 20. Nxc5 Rxc5 21.
Ba3 Rc7 22. c5 bxc5 23. Rxc5 Rcd7 24. Rc3 Bf6 25. f3 Kg7 26. Bc2 Rxd1+ 27. Bxd1
Bc8 28. Bb3 Bg5 29. Bd5 e6 30. Bb3 Rd2 31. Qc4 Qb6+ 32. Qc5 Qd8 33. Bc1 Be7 34.
Qxa7 Rd1+ 35. Bxd1 Qxd1+ 36. Kf2 Bb4 37. Bh6+ Kxh6 38. Qe3+ Kg7 39. Rxc8 Qxa4
40. b6 Qb5 41. Kg3 Ba5 42. b7 Qxb7 43. Qc5 Kf6 44. Qf8 Qd7 45. Re8 1-0

[Event "SK Königsspringer Iserlohn 1 - Südlohne"]
[Site "NRW-Klasse, Gruppe 1 2013/201"]
[Date "2014.02.02"]
[Round "6.2"]
[White "Schmuecker, Marcus"]
[Black "Kolakovic, Klaudio"]
[Result "1-0"]
[WhiteElo "2189"]
[BlackElo "2003"]
[PlyCount "71"]
[EventDate "2014.??.??"]
[WhiteTeam "SK Königsspringer Iserlohn 1"]
[BlackTeam "Südlohner SV 1"]

1. Nf3 d5 2. d4 Bg4 3. Bf4 e6 4. Ne5 Bf5 5. g4 Bg6 6. h4 f6 7. Nxg6 hxg6 8. Qd3
Kf7 9. h5 gxh5 10. gxh5 Ne7 11. Nc3 Nbc6 12. Bh3 Nb4 13. Qd2 Nf5 14. Bxf5 exf5
15. O-O-O Qd7 16. a3 Na6 17. Qd3 Re8 18. e3 c6 19. Ne2 Bd6 20. Bxd6 Qxd6 21.
Qxf5 Rh6 22. Rdg1 Qe6 23. Ng3 Reh8 24. Qd3 Nc7 25. Nf5 R6h7 26. Rg6 Ne8 27.
Rhg1 Qe4 28. Rxg7+ Rxg7 29. Rxg7+ Ke6 30. Re7+ Kxf5 31. Rxe4 dxe4 32. Qc4 Nd6
33. Qc5+ Ke6 34. c4 Ke7 35. Qxa7 Rxh5 36. c5 1-0

[Event "SK Königsspringer Iserlohn 1 - Südlohne"]
[Site "NRW-Klasse, Gruppe 1 2013/201"]
[Date "2014.02.02"]
[Round "6.3"]
[White "Darwisch, Khaled"]
[Black "Eckardt, Joshua"]
[Result "1/2-1/2"]
[WhiteElo "1990"]
[BlackElo "2039"]
[PlyCount "42"]
[EventDate "2014.??.??"]
[WhiteTeam "Südlohner SV 1"]
[BlackTeam "SK Königsspringer Iserlohn 1"]

1. e4 e6 2. d3 d5 3. Nd2 Nf6 4. g3 dxe4 5. dxe4 b6 6. Bg2 Bb7 7. Ne2 Nc6 8. O-O
Ne5 9. h3 h5 10. Nc3 Ba6 11. Re1 Qd7 12. Nb3 O-O-O 13. Bg5 Bb4 14. Qc1 Qc6 15.
f4 Bc5+ 16. Kh1 Neg4 17. e5 Nf2+ 18. Kh2 N6g4+ 19. hxg4 Nxg4+ 20. Kh1 Nf2+ 21.
Kh2 Ng4+ 1/2-1/2

[Event "SK Königsspringer Iserlohn 1 - Südlohne"]
[Site "NRW-Klasse, Gruppe 1 2013/201"]
[Date "2014.02.02"]
[Round "6.4"]
[White "Franke, Thomas"]
[Black "Doennebrink, Elmar"]
[Result "1-0"]
[WhiteElo "2055"]
[BlackElo "2044"]
[PlyCount "55"]
[EventDate "2014.??.??"]
[WhiteTeam "SK Königsspringer Iserlohn 1"]
[BlackTeam "Südlohner SV 1"]

1. e4 c5 2. c3 d5 3. exd5 Qxd5 4. d4 Nf6 5. Nf3 e6 6. Bd3 Nc6 7. O-O Be7 8. Be3
cxd4 9. cxd4 O-O 10. Nc3 Qd6 11. a3 Rd8 12. Qe2 Bd7 13. Rad1 Rac8 14. Bb1 Be8
15. Rfe1 Qb8 16. Bg5 Nd5 17. Qe4 g6 18. Qh4 h5 19. Nxd5 Bxg5 20. Qxg5 Rxd5 21.
Qh6 Rcd8 22. Ba2 R5d6 23. d5 Ne7 24. dxe6 Rxd1 25. exf7+ Bxf7 26. Bxf7+ Kxf7
27. Qh7+ Kf6 28. Qxe7+ 1-0

[Event "SK Königsspringer Iserlohn 1 - Südlohne"]
[Site "NRW-Klasse, Gruppe 1 2013/201"]
[Date "2014.02.02"]
[Round "6.5"]
[White "Hater, Wolfgang"]
[Black "Messarius, Juergen"]
[Result "1/2-1/2"]
[WhiteElo "2056"]
[BlackElo "2166"]
[Annotator "Doe,John"]
[PlyCount "126"]
[EventDate "2014.??.??"]
[WhiteTeam "Südlohner SV 1"]
[BlackTeam "SK Königsspringer Iserlohn 1"]

1. e4 c5 2. Nf3 Nc6 3. Be2 g6 4. O-O Bg7 5. d3 Nf6 6. Re1 O-O 7. c3 Qc7 8. Be3
b6 9. Qc1 d5 10. exd5 Nxd5 11. Bh6 Bb7 12. Na3 Rac8 13. g3 Qd7 14. h4 Rfd8 15.
Bxg7 Kxg7 16. h5 f6 17. Nh2 Ne5 18. Nc4 Nf7 19. a4 Ng5 20. Bg4 Qc6 21. Ne5 Qc7
22. Nef3 Nxf3+ 23. Bxf3 g5 24. a5 b5 25. Re6 Rd6 26. Qe1 Rd7 27. Qe2 Re8 $11
28. h6+ Kxh6 29. Bh5 Red8 30. Bf7 Kg7 31. Qh5 Rf8 32. Be8 Rd8 33. Bxb5 Bc8 34.
Re2 e5 35. Ng4 Bxg4 36. Qxg4 Qc8 37. Qe4 Nc7 38. Bc4 Ne8 39. Qg2 Nd6 40. Bd5
Qf5 41. Be4 Nxe4 42. Qxe4 Kg6 43. g4 Qxe4 44. dxe4 h5 45. gxh5+ Kxh5 46. Kg2
Kg4 47. Rh1 Rf7 48. Rh3 c4 49. f3+ Kf4 50. Rg3 f5 51. exf5 Kxf5 52. Rg4 Rc7 53.
Kf1 Rd3 54. Kf2 Rd5 55. Ke3 Rd3+ 56. Kf2 Rc5 57. Rc2 Rd1 58. Ke3 Rd3+ 59. Kf2
Rd6 60. Ke3 Rh6 61. Rcg2 Rh5 62. a6 Rc6 63. Rg1 Rc5 1/2-1/2

[Event "SK Königsspringer Iserlohn 1 - Südlohne"]
[Site "NRW-Klasse, Gruppe 1 2013/201"]
[Date "2014.02.02"]
[Round "6.6"]
[White "Klauke, Stefan"]
[Black "Boecker, Manfred"]
[Result "0-1"]
[WhiteElo "2059"]
[BlackElo "1870"]
[PlyCount "162"]
[EventDate "2014.??.??"]
[WhiteTeam "SK Königsspringer Iserlohn 1"]
[BlackTeam "Südlohner SV 1"]

1. d4 Nf6 2. Nc3 d5 3. Bg5 Bf5 4. f3 c6 5. e4 dxe4 6. Bxf6 exf6 7. fxe4 Bg6 8.
Nf3 Bd6 9. Bd3 Nd7 10. O-O Qc7 11. Qe1 O-O 12. Qh4 Be7 13. Ne2 Rfe8 14. Qg4 Nf8
15. g3 Qd7 16. Qxd7 Nxd7 17. Rae1 Bd6 18. Nd2 c5 19. Bb5 Rad8 20. e5 fxe5 21.
Nc4 Bb8 22. dxc5 a6 23. Ba4 Nxc5 24. Bxe8 Rxe8 25. Ne3 Ba7 26. Nc3 b5 27. a3
Ne6 28. Kg2 Nd4 29. Rc1 Rd8 30. g4 f6 31. Nf5 Be8 32. Kg3 Nxf5+ 33. gxf5 Be3
34. Rcd1 Bf4+ 35. Kg4 h5+ 36. Kh3 Rc8 37. Rd6 a5 38. Nd5 Rxc2 39. Nxf4 exf4 40.
Rxf4 Kh7 41. Re4 Bc6 42. Re7 Kh6 43. Kg3 Rc4 44. Rd8 Rg4+ 45. Kf2 Rg2+ 46. Ke3
Rxh2 47. Rh8+ Kg5 48. Rxg7+ Kxf5 49. Rc7 Rh3+ 50. Kd4 Bf3 51. Rc5+ Kg6 52. Rxb5
a4 53. Kc5 Bd1 54. Kd6 Rd3+ 55. Ke7 Re3+ 56. Kf8 Re5 57. Rb7 Kg5 58. Rg7+ Kf4
59. Rg1 Bf3 60. Rf1 Kg3 61. Kf7 f5 62. Rc8 Kg2 63. Rfc1 f4 64. Kf6 Rb5 65.
R1c2+ Kg3 66. R8c4 Bd1 67. Rd2 Bg4 68. Rxa4 f3 69. Rc4 Rb8 70. b4 Ra8 71. Rc3
h4 72. b5 h3 73. Rc4 Rf8+ 74. Ke7 Rh8 75. b6 h2 76. Rxh2 Rxh2 77. Kd6 f2 78.
Rc3+ Kf4 79. b7 Rh8 80. Rc1 Bf3 81. Kc7 Rh7+ 0-1

[Event "SK Königsspringer Iserlohn 1 - Südlohne"]
[Site "NRW-Klasse, Gruppe 1 2013/201"]
[Date "2014.02.02"]
[Round "6.7"]
[White "Schmeing, Walter"]
[Black "Schwanbeck, Christoph"]
[Result "1-0"]
[WhiteElo "1992"]
[BlackElo "2015"]
[PlyCount "149"]
[EventDate "2014.??.??"]
[WhiteTeam "Südlohner SV 1"]
[BlackTeam "SK Königsspringer Iserlohn 1"]

1. e4 d6 2. d4 Nf6 3. Nc3 Nbd7 4. Nf3 e5 5. Be2 Be7 6. O-O O-O 7. Bg5 c6 8. h3
Qc7 9. a4 a5 10. Qd2 Re8 11. Bc4 h6 12. Be3 Bf8 13. dxe5 dxe5 14. Qe2 Nc5 15.
Nd2 Ne6 16. Bxe6 Bxe6 17. f3 Nh5 18. Qf2 Qe7 19. b3 Rad8 20. Rfd1 Nf4 21. Kh2
Qb4 22. Ne2 Rd7 23. Nf1 Nxe2 24. Qxe2 Red8 25. Rxd7 Rxd7 26. Rd1 Rxd1 27. Qxd1
b5 28. Qd8 bxa4 29. bxa4 Kh7 30. Bd2 Qc5 31. Bxa5 Be7 32. Qd2 Bg5 33. Qc3 Bf4+
34. Kh1 Qf2 35. Qe1 Qxc2 36. Bd2 Qxa4 37. Bxf4 exf4 38. Qc1 Qb5 39. Nd2 Qe2 40.
Kh2 c5 41. Nb1 Qe3 42. Qb2 Qe1 43. Nd2 c4 44. e5 Qg3+ 45. Kh1 Qe1+ 46. Kh2 Qe3
47. Ne4 Bf5 48. Nc3 Qxe5 49. Qb4 Bd3 50. Qb2 Qe1 51. Nd5 Qg3+ 52. Kh1 Bf5 53.
Qd2 Bxh3 54. Nxf4 Bxg2+ 55. Nxg2 Qxf3 56. Kg1 c3 57. Qc2+ g6 58. Qb3 h5 59. Ne1
Qf6 60. Kg2 Kg7 61. Nf3 g5 62. Qc4 g4 63. Nd4 c2 64. Nxc2 Qf3+ 65. Kg1 g3 66.
Qd4+ f6 67. Ne1 Qe2 68. Ng2 Qc2 69. Qa7+ Kg6 70. Nf4+ Kg5 71. Ne6+ Kg4 72. Qg7+
Kh4 73. Qxf6+ Kh3 74. Qf1+ Kh4 75. Qf4+ 1-0

[Event "SK Königsspringer Iserlohn 1 - Südlohne"]
[Site "NRW-Klasse, Gruppe 1 2013/201"]
[Date "2014.02.02"]
[Round "6.8"]
[White "Naundorf, Maik"]
[Black "Teloeken, Andreas"]
[Result "1/2-1/2"]
[WhiteElo "2075"]
[BlackElo "1971"]
[PlyCount "100"]
[EventDate "2014.??.??"]
[WhiteTeam "SK Königsspringer Iserlohn 1"]
[BlackTeam "Südlohner SV 1"]

1. c4 Nf6 2. g3 d6 3. Bg2 e5 4. Nc3 Nbd7 5. e4 Be7 6. Nge2 O-O 7. O-O c6 8. d3
a6 9. h3 b5 10. Be3 Bb7 11. Qd2 Nb6 12. cxb5 axb5 13. a3 d5 14. Bxb6 Qxb6 15.
exd5 cxd5 16. d4 b4 17. axb4 Bxb4 18. Rxa8 Rxa8 19. dxe5 Ne4 20. Qf4 Nxc3 21.
Nxc3 Rd8 22. Rd1 Qa5 23. Nxd5 Bf8 24. Nf6+ gxf6 25. Rxd8 Qxd8 26. Bxb7 Qb8 27.
Qg4+ Kh8 28. Qd7 Qxe5 29. Qxf7 Bc5 30. Kg2 Qxb2 31. Qe8+ Kg7 32. Qd7+ Kh6 33.
h4 Qxf2+ 34. Kh3 Qd4 35. Qf7 Qe5 36. Be4 Qe7 37. Qd5 Qe5 38. Qf7 Qe7 39. Qd5
Qe5 40. Qd2+ Kg7 41. Qd7+ Qe7 42. Qf5 Kg8 43. g4 Be3 44. Kg2 Bh6 45. Kf1 Kh8
46. Bd5 Bg7 47. Be4 Bh6 48. Bd5 Bg7 49. Qc8+ Bf8 50. Qf5 Bg7 1/2-1/2

[Event "SF Lieme 1 - SG Niederkassel 1"]
[Site "NRW-Klasse, Gruppe 1 2013/201"]
[Date "2014.02.02"]
[Round "6.1"]
[White "Stanetzek, Carsten"]
[Black "Wittke, Rene"]
[Result "1-0"]
[WhiteElo "2232"]
[BlackElo "2145"]
[Annotator "Doe,John"]
[PlyCount "167"]
[EventDate "2014.??.??"]
[WhiteTeam "SG Niederkassel 1"]
[BlackTeam "SF Lieme 1"]

1. e4 Nc6 2. d4 d5 3. e5 f6 4. f4 Bf5 5. Nf3 e6 6. Be2 Nh6 7. O-O Qd7 8. c3 Be4
9. Nbd2 f5 10. b4 Be7 11. a4 O-O 12. a5 Nd8 13. Nb3 b5 14. axb6 cxb6 15. Ba6
Nb7 16. Qe2 Rfc8 17. Bd2 Rc7 18. Ra2 Nd8 19. Rfa1 Ndf7 20. h3 Qd8 21. Qe3 Kh8
22. Nc1 Qg8 23. Bf1 Bxf3 24. Qxf3 g5 25. fxg5 Bxg5 26. Be1 Qg6 27. Nd3 Ng8 28.
Ra6 Rb7 29. R1a2 Qh6 30. Be2 Be3+ 31. Kf1 f4 32. Qh5 Ng5 33. Bh4 Ne4 34. R2a3
Rf8 35. Rxa7 Rxa7 36. Qxh6 Rxa3 37. Qxf8 Ra1+ 38. Bd1 Rxd1+ 39. Ke2 Rd2+ 40.
Kf3 Rxd3 41. Bf6+ Nexf6 42. exf6 Bxd4+ 43. Kxf4 Bxf6 44. Qb8 Rxc3 45. Qxb6 Rc4+
46. Kf3 e5 47. b5 Kg7 48. Qd6 Ne7 49. b6 Rc6 50. Qd8 Rc2 51. Qd7 e4+ 52. Kf4
Kg6 $11 53. Qe8+ Kg7 54. b7 Ng6+ 55. Kf5 Rf2+ 56. Ke6 Be5 57. b8=Q Bxb8 58.
Qxb8 Rxg2 59. Qa7+ Kh6 60. Qe3+ Kh5 61. Kxd5 Rg5+ 62. Ke6 Re5+ 63. Kf6 Kh4 64.
Kg7 Rh5 65. Qe2 Ne5 66. Kf6 h6 67. Kg7 Rg5+ 68. Kxh6 Nf7+ 69. Kh7 Kxh3 70. Qf1+
Kg3 71. Qxf7 Rg4 72. Qf1 e3 73. Kh6 Re4 74. Qe2 Kf4 75. Kg6 Rd4 76. Qf1+ Kg3
77. Kf5 Rd8 78. Qg1+ Kf3 79. Qg4+ Kf2 80. Qh4+ Kf1 81. Qxd8 e2 82. Qd3 Kf2 83.
Qd2 Kf3 84. Qe1 1-0

[Event "SF Lieme 1 - SG Niederkassel 1"]
[Site "NRW-Klasse, Gruppe 1 2013/201"]
[Date "2014.02.02"]
[Round "6.2"]
[White "Essing, Arnold"]
[Black "Riedel, Holger"]
[Result "1-0"]
[WhiteElo "2160"]
[BlackElo "2192"]
[PlyCount "81"]
[EventDate "2014.??.??"]
[WhiteTeam "SF Lieme 1"]
[BlackTeam "SG Niederkassel 1"]

1. d4 e6 2. Nf3 Nf6 3. c4 b6 4. Nc3 Bb4 5. Bg5 h6 6. Bh4 Bb7 7. Qc2 g5 8. Bg3
Ne4 9. Be5 Bxc3+ 10. bxc3 Rg8 11. d5 exd5 12. cxd5 Bxd5 13. Rd1 Bb7 14. Nd2 Qe7
15. Bxc7 Na6 16. Bg3 Nac5 17. f3 Nxg3 18. hxg3 Rg6 19. Kf2 O-O-O 20. Nb3 Re8
21. Qd2 f5 22. Nd4 Qe5 23. Rh5 Rf6 24. e3 Ref8 25. Nb3 Qe8 26. Nxc5 bxc5 27.
Rh1 Rb6 28. Bc4 g4 29. Bd5 Qe5 30. Bxb7+ Rxb7 31. Rxh6 Re8 32. Rd6 Re7 33. Rd5
Qh8 34. Rxc5+ Kd8 35. f4 Qf6 36. Rd5 Rc7 37. Rb1 Rxc3 38. Rb8+ Kc7 39. Rdb5 Rh7
40. R5b7+ Kc6 41. Rxa7 1-0